000 00491cam a2200205ua 4500
001 1752
005 20260515113401.0
008 110824n ii |||gr||||Z||||||eng
040 _cMAIN
082 _a335.4
100 _aSlaughter, Cliff,
_eAuthor.
245 1 _aMarx and marxism
_cby Cliff Slaughter
250 _a1st.
260 _aHyderabad:
_bOrient longman,988.
300 _a119p:
_c23cm.
653 _aEconomics
653 _aEconomics
653 _aMarx and marxism
942 _cBK
999 _c1635
_d1635